Technical analysis explained : The successful investor's guide to sportting investment trends and turnings points

Bibliographic Details
Main Author: Pring, Martin.J
Format: Book
Published: New York : McGraw-Hill,Inc. , 1991
Edition:Third edition
Series:Business management series
Subjects:

MARC

LEADER 00000cam a2200000 7i4500
001 0000002425
002 000002642
005 20090107.0
020 |a 007112778X 
090 0 0 |a 332.6322   |b PRI 
100 1 |a Pring, Martin.J 
245 1 0 |a Technical analysis explained :   |b The successful investor's guide to sportting investment trends and turnings points   |c Martin J.Pring 
250 |a Third edition 
260 |a New York :   |b McGraw-Hill,Inc. ,   |c 1991 
300 |a 521p. :   |b ill ;   |c 23cm. 
490 0 |a Business management series 
650 0 0 |a Investments analysis 
999 |a 036108   |b BUKU   |c PINJAMAN   |e PERPUSTAKAAN KOMUNITI PETALING JAYA